01726nam a2200373 a 4500001001200000003000800012006001900020007001500039008004100054020001500095020001800110020002700128040002100155035002100176050002300197245010700220260007500327300002600402490005500428500019700483504005100680533015200731650002300883650003200906655002900938700001700967700001700984700002101001710001701022711011201039830005601151856012601207999001901333ebr10516744CaPaEBRm u cr cn|||||||||111228s1986 nyua sb 101 0 eng d z0930403142 z9780930403140 z9781600863608 (e-book) aCaPaEBRcCaPaEBR a(OCoLC)77428575714aQD516b.F53 1986eb00aFlames and configurationsh[electronic resource] /cedited by J.R. Bowen, J.-C. Leyer, R.I. Soloukhin. aNew York :bAmerican Institute of Aeronautics and Astronautics,c1986. axviii, 417 p. :bill.1 aProgress in astronautics and aeronautics ;vv. 105 a"Technical papers presented from the tenth International Colloquium on Dynamics of Explosions and Reactive Systems, Berkeley, California, August 1985, and subsequently revised for this volume. aIncludes bibliographical references and index. aElectronic reproduction.bPalo Alto, Calif. :cebrary,d2013.nAvailable via World Wide Web.nAccess may be limited to ebrary affiliated libraries. 0aFlamevCongresses. 0aConfigurationsvCongresses. 7aElectronic books.2local1 aBowen, J. R.1 aLeyer, J.-C.1 aSoloukhin, R. I.2 aebrary, Inc.2 aInternational Colloquium on Dynamics of Explosions and Reactive Systemsn(10th :d1985 :cBerkeley, Calif.) 0aProgress in astronautics and aeronautics ;vv. 105.40uhttp://site.ebrary.com/lib/rucke/Doc?id=10516744zAn electronic book accessible through the World Wide Web; click to view c224316d224316